Statistiques concernant Tome One Piece par image #5

Cliquez ici pour prendre le quiz!

Statistiques générales

  • Ce quiz a été pris 161 fois
  • Le résultat moyen est 14 sur 16

Statistiques - réponses

Réponse% Correct
3
100%
13
95%
26
92%
7
91%
21
89%
19
88%
45
88%
55
88%
71
87%
44
86%
82
86%
86
86%
96
86%
91
85%
60
84%
88
81%

Distribution des résultats

Percentile par nombre de réponses

% des personnes avec chaque résultat

Votre développement - résultats

Vous n’avez pas pris ce quiz